01532na a2200361 450000100060000000300080000600500170001400800410003104000250007204100080009708200310010509000170013610000180015322200570017124501470022824600640037524600820043926000260052130000180054749000400056550000140060560000960061961000680071565000840078365700350086771000080090271100660091074000640097674000820104083000200112294200130114299900150115519191MIRAKIL20181213155058.0161209b tu 000 0  aMilasbturcTR-AnCHP atur aCHP 324.2172092bB29s 2000 aBROŞÜR 9 aBaykal, Deniz aCHP Genel Başkanı Deniz Baykal'ın konuşmaları aSN. Deniz Baykal'ın Cumhuriyet Halk Partisi 11. olağanüstü kurultayında yaptığı konuşmab(30 Eylül 2000, Ankara)cDeniz Baykal aDeniz Baykal'ın 11. olağanüstü kurultay konuşması aDeniz Baykal'ın CHP 11. olağanüstü kurultayında yaptığı konuşma a[Ankara]b[CHP]c2000 a89 s.c17 sm. aCumhuriyet Halk Partisi yayınları a10 kopya. aBaykal, DenizcCHP Genel BaşkanıxKonuşmalar, 2000yOlağanüstü kurultaylar, 2000 aCHPxSöylev ve demeçleryOlağanüstü kurultaylar, 2000 aCHP Genel başkanlarıxKonuşmalar, 2000yOlağanüstü kurultaylar, 2000 aDeniz Baykalın konuşmaları aCHP aCHP Olağanüstü KurultayıcAnkarad30 Eylül 2000n11. aDeniz Baykal'ın 11. olağanüstü kurultay konuşması aDeniz Baykal'ın CHP 11. olağanüstü kurultayında yaptığı konuşma aCHP yayınları 2dcccBKS c6178d6178